Discerning the will of God : (Record no. 119242)
[ view plain ]
| 000 -LEADER | |
|---|---|
| fixed length control field | 03034cam a22003254a 4500 |
| 001 - CONTROL NUMBER | |
| control field | 15699195 |
| 003 - CONTROL NUMBER IDENTIFIER | |
| control field | ARRUPE |
| 005 - DATE AND TIME OF LATEST TRANSACTION | |
| control field | 20131213105558.0 |
| 008 - FIXED-LENGTH DATA ELEMENTS--GENERAL INFORMATION | |
| fixed length control field | 090414s2009 nyu b 000 0 eng |
| 010 ## - LIBRARY OF CONGRESS CONTROL NUMBER | |
| LC control number | 2009015753 |
| 020 ## - INTERNATIONAL STANDARD BOOK NUMBER | |
| International Standard Book Number | 9780824524890 (alk. paper) |
| 020 ## - INTERNATIONAL STANDARD BOOK NUMBER | |
| International Standard Book Number | 0824524896 (alk. paper) |
| 040 ## - CATALOGING SOURCE | |
| Original cataloging agency | DLC |
| Transcribing agency | DLC |
| Modifying agency | DLC |
| 050 00 - LIBRARY OF CONGRESS CALL NUMBER | |
| Classification number | BV4509.5 |
| Item number | .G345 2009 |
| 082 00 - DEWEY DECIMAL CLASSIFICATION NUMBER | |
| Classification number | 248.4 |
| Edition number | 22 |
| 300 ## - PHYSICAL DESCRIPTION | |
| Dimensions | 24 cm. |
| 100 1# - MAIN ENTRY--PERSONAL NAME | |
| Personal name | Gallagher, Timothy M. |
| 9 (RLIN) | 5638 |
| 245 10 - TITLE STATEMENT | |
| Title | Discerning the will of God : |
| Remainder of title | an Ignatian guide to Christian decision making / |
| Statement of responsibility, etc | Timothy M. Gallagher. |
| 260 ## - PUBLICATION, DISTRIBUTION, ETC. (IMPRINT) | |
| Place of publication, distribution, etc | New York : |
| Name of publisher, distributor, etc | Crossroad Pub. Co., |
| Date of publication, distribution, etc | c2009. |
| 300 ## - PHYSICAL DESCRIPTION | |
| Extent | xiii, 159 p. ; |
| 504 ## - BIBLIOGRAPHY, ETC. NOTE | |
| Bibliography, etc | Includes bibliographical references. |
| 505 0# - FORMATTED CONTENTS NOTE | |
| Formatted contents note | Introduction: When faced with a major life choice -- Text of St. Ignatius -- Preparation -- The question : which choice does God want? -- The foundation -- God's infinite love and our response -- "We love because he first loved us" -- "To do your will is my delight" -- The disposition : openness to whatever God wills -- "Whatever you want, Lord" -- "Loved to the death by Jesus Christ" -- Sent by Jesus -- The means -- Spiritual "exercises" -- Holy Eucharist -- Sacred scripture -- Silence -- Spiritual direction -- Review of spiritual experience -- From preparation to discernment -- Discernment -- Clarity beyond doubting : the first mode -- "He could not doubt about the matter" -- "This certitude and deep peace" -- "There was no doubting it" -- "It had always been clear" -- First mode of discernment -- Questions to consider -- An attraction of the heart: the second mode -- "With deep devotion and tears" -- "Experience of consolations and desolations" -- "Again that consolation would be given me" -- "Only when there was peace in my heart" -- "The room in my heart" -- "When I was most joyful" -- "Like a magnet drawing me" -- Second mode of discernment -- Questions to consider -- A preponderance of reasons : the third mode -- A further mode of discernment -- A time of tranquility -- Third mode of discernment : first way -- "She suggested looking at the advantages -- And disadvantages" -- Third mode of discernment: second way -- "When I took the first point" -- Third mode of discernment -- Questions to consider -- Fruit -- The value of the process of discernment -- Concluding the process -- The process and growth -- The process and grace -- The fruit of discernment -- "And this gives me peace and joy" -- "In your will is our peace". |
| 600 00 - SUBJECT ADDED ENTRY--PERSONAL NAME | |
| Personal name | Ignatius, |
| Titles and other words associated with a name | of Loyola, Saint, |
| Dates associated with a name | 1491-1556. |
| Title of a work | Exercitia spiritualia. |
| 9 (RLIN) | 5639 |
| 650 #0 - SUBJECT ADDED ENTRY--TOPICAL TERM | |
| Topical term or geographic name as entry element | Decision making |
| General subdivision | Religious aspects |
| -- | Catholic Church. |
| 9 (RLIN) | 5640 |
| 650 #0 - SUBJECT ADDED ENTRY--TOPICAL TERM | |
| Topical term or geographic name as entry element | Discernment (Christian theology) |
| 9 (RLIN) | 5641 |
| 650 #0 - SUBJECT ADDED ENTRY--TOPICAL TERM | |
| Topical term or geographic name as entry element | Spiritual life |
| General subdivision | Catholic Church. |
| 9 (RLIN) | 5642 |
| 650 #0 - SUBJECT ADDED ENTRY--TOPICAL TERM | |
| Topical term or geographic name as entry element | God |
| General subdivision | Will. |
| 9 (RLIN) | 5643 |
| 906 ## - LOCAL DATA ELEMENT F, LDF (RLIN) | |
| a | 7 |
| b | cbc |
| c | orignew |
| d | 1 |
| e | ecip |
| f | 20 |
| g | y-gencatlg |
| 942 ## - ADDED ENTRY ELEMENTS (KOHA) | |
| Source of classification or shelving scheme | Library of Congress Classification |
| Koha item type | Monograph ( Printed materials) |
| Withdrawn status | Lost status | Source of classification or shelving scheme | Damaged status | Not for loan | Home library | Current library | Shelving location | Date acquired | Total Checkouts | Full call number | Barcode | Date last seen | Date checked out | Price effective from | Koha item type |
|---|---|---|---|---|---|---|---|---|---|---|---|---|---|---|---|
| Library of Congress Classification | ARRUPE LIBRARY | ARRUPE LIBRARY | Main Collection | 13/12/2013 | 1 | BV4509.5 .G345 2009 | 46500000103 | 20/04/2023 | 17/03/2023 | 13/12/2013 | Monograph ( Printed materials) |